Lincoln (Registro nro. 12204)
[ vista simple ]
| 000 -CABECERA | |
|---|---|
| Longitud fija campo de control | 00697nam a22002177a 4500 |
| 001 - NÚMERO DE CONTROL | |
| Número de control | 4400264 |
| 003 - IDENTIFICADOR DELl NÚMERO DE CONTROL | |
| Identificador del número de control | OSt |
| 005 - FECHA Y HORA DE LA ÚLTIMA TRANSACCIÓN | |
| Fecha y hora de la última transacción | 20140716213001.0 |
| 008 - CÓDIGOS DE INFORMACIÓN DE LONGITUD FIJA | |
| Códigos de información de longitud fija | 920203s1989 cri spa |
| 020 ## - NÚMERO INTERNACIONAL NORMALIZADO PARA LIBROS | |
| Número Internacional Normalizado para Libros (ISBN) | 9977-901-98-8 |
| 040 ## - FUENTE DE LA CATALOGACIÓN | |
| Centro catalogador de origen | DLC |
| Centro transcriptor | BMC |
| Centro modificado | DLC |
| 082 ## - NÚMERO DE LA CLASIFICACIÓN DECIMAL DEWEY | |
| Númeroo de clasificación | 973.7092 Abraham Lincoln |
| 082 ## - NÚMERO DE LA CLASIFICACIÓN DECIMAL DEWEY | |
| Númeroo de clasificación | 320.7309034 |
| 245 00 - MENCIÓN DE TÍTULO | |
| Título | Lincoln |
| Resto del título | : de unión, derecho y libertad |
| Mención de responsabilidad, etc. | introducción y selección de Carlos Meléndez Ch. |
| 260 ## - PUBLICACIÓN, DISTRIBUCIÓN, ETC. (PIE DE IMPRENTA) | |
| Lugar de publicación, distribución, etc. | San José (Costa Rica) |
| Nombre del editor, distribuidor, etc. | Libro Libre |
| Fecha de publicación, distribución, etc. | 1989 |
| 300 ## - DESCRIPCIÓN FÍSICA | |
| Extensión | 315 p. |
| Dimensiones | 21 cm |
| 651 #4 - PUNTO DE ACCESO ADICIONAL DE MATERIA - NOMBRE GEOGRÁFICO | |
| 9 (RLIN) | 17763 |
| Nombre geográfico | Estados Unidos |
| Subdivisión de materia general | Política y gobierno |
| Subdivisión cronológica | 1861-1865 |
| 600 14 - PUNTO DE ACCESO ADICIONAL DE MATERIA - NOMBRE DE PERSONA | |
| 9 (RLIN) | 17995 |
| Nombre de persona | Lincoln, Abraham |
| Fechas asociadas al nombre | 1809-1865 |
| 700 1# - PUNTO DE ACCESO ADICIONAL - NOMBRE DE PERSONA | |
| 9 (RLIN) | 9513 |
| Nombre de persona | Meléndez Chaverri, Carlos |
| 942 ## - ENTRADA DE ELEMENTOS AGREGADOS (KOHA) | |
| Fuente de clasificaión o esquema | Dewey Decimal Classification |
| Koha [por defecto] tipo de item | 1- Monografias |
| Suprimido | Perdido | Fuente de clasificación o esquema | Estropeado | Restricciones de uso | No para préstamo | Código de colección | Localización permanente | Localización actual | Localización en estanter&íacute;as | Fecha adquisición | Fuente de adquisición | Número de inventario | Préstamos totales | Signatura completa | Código de barras | Fecha última consulta | Coste, precio reemplazado | Fecha del precio de reemplazo | Tipo de item de Koha |
|---|---|---|---|---|---|---|---|---|---|---|---|---|---|---|---|---|---|---|---|
| NULL | NULL | Dewey Decimal Classification | NULL | Prestable | NULL | NULL | Biblioteca Miguel de Cervantes - UNICAES | Biblioteca Miguel de Cervantes - UNICAES | Sala Principal | 12/07/2014 | Donación - UNICO | 019241 | 973.7092 LIN | 1019584 | 12/07/2014 | 18.00 | 12/07/2014 | 1- Monografias |